000 01303nam a2200265 4500
040 _cNSHS
082 _a297.63
_bKHI
100 1 _aKhiṭāb, Maḥmūd Shīṭ.
_9130242
245 1 _aNor-i Muṣṭafā kī jhalakiyān :
_bfaujī nuqṭa-yi nazar se /
_cGeneral Maḥmūd Shīṭ Khiṭāb.
246 _aNoor-e-Mustafa ki Jhalkian
246 _aNor-i Mustafa ki jhalkian
246 _aNoor-e Mustafa ki jhalkian
260 _aRāwalpindī:
_bHirā Buk Ḍīpū,
_c[n.d.]
300 _a132 pages
500 _aDC010725
500 _aReligion
520 _aNūr-i Muṣṭafā kī Jhalakiyān is a spiritual and devotional book that presents short glimpses into the blessed life, noble character, and shining qualities of the Prophet Muhammad (peace be upon him). Through inspiring stories and reflections, the book helps readers grow in love, respect, and admiration for the Prophet. It encourages Muslims to follow his example in daily life and appreciate his mercy, patience, and guidance.
546 _aIn Urdu
600 _aMuhammad (Peace be Upon Him), Prophet
_9129607
650 0 _aMilitary leadership
_xIslamic aspects
_9130243
650 0 _aIslam
_xDoctrines
_91634
650 0 _aSīrah literature
_9130244
942 _2ddc
_cBK
999 _c614449
_d614449